Señora nuestra (Record no. 170860)

MARC details
000 -LEADER
campo de control de longitud fija 00738nam a2200193 i 4500
001 - NÚMERO DE CONTROL
campo de control 170860
003 - IDENTIFICADOR DE NÚMERO DE CONTROL
campo de control ES-MaACL
005 - FECHA Y HORA DE LA ÚLTIMA TRANSACCIÓN
campo de control 20251003164446.0
008 - DATOS DE LONGITUD FIJA--INFORMACIÓN GENERAL
campo de control de longitud fija 090413s1957 sp |||| | spa d
100 0# - ENTRADA PRINCIPAL--NOMBRE DE PERSONA
Nombre de persona Cabodevilla, José María.
9 (RLIN) 33240
245 10 - MENCIÓN DEL TÍTULO
Título Señora nuestra
Resto del título : el misterio del hombre a la luz del misterio de María /
Mención de responsabilidad, etc. por José María Cabodevilla ; prólogo de Casimiro Morcillo González.
260 ## - PUBLICACIÓN, DISTRIBUCIÓN, ETC.
Lugar de publicación, distribución, etc. Madrid :
Nombre del editor, distribuidor, etc. La Editorial Católica,
Fecha de publicación, distribución, etc. 1957.
300 ## - DESCRIPCIÓN FÍSICA
Extensión XII, 433 p. ;
Dimensiones 20 cm.
490 1# - MENCIÓN DE SERIE
Mención de serie Biblioteca de autores cristianos ;
Designación de volumen o secuencia 161
700 1# - ENTRADA AGREGADA--NOMBRE PERSONAL
Nombre de persona Morcillo, Casimiro,
Fechas asociadas al nombre 1904-1971
9 (RLIN) 83188
830 00 - PUNTO DE ACCESO ADICIONAL DE SERIE-TÍTULO UNIFORME
Título uniforme Biblioteca de autores cristianos
Designación de volumen o secuencia 161
9 (RLIN) 178679
852 ## - LOCALIZACIÓN
Ubicación ES-MaACL
Número de control de estantería J-159
itemnumber R.46092
Holdings
Estatus retirado Estado de pérdida Estado de daño No para préstamo Biblioteca de origen Biblioteca actual Ubicación en estantería Fecha de adquisición Fuente de adquisición Total de préstamos Signatura topográfica completa Código de barras Visto por última vez Precio de reemplazo Tipo de ítem Koha
        Biblioteca del Ateneo de Madrid Biblioteca del Ateneo de Madrid Depósito 2 13/04/2009     J-159 1179317 23/02/2023 23/02/2023 Libro impreso